Public health aspects of fusarium mycotoxins in food in the Netherlands

Tallennettuna:
Bibliografiset tiedot
Päätekijä: Nijs, Monique de
Aineistotyyppi: Kirja
Kieli:Undetermined
Julkaistu: [Lon don] Sandra de Nijs- Huijkman 1990
Aiheet:
Tagit: Lisää tagi
Ei tageja, Lisää ensimmäinen tagi!
Thư viện lưu trữ: Trung tâm Học liệu Trường Đại học Cần Thơ
LEADER 00527nam a2200181Ia 4500
001 CTU_126315
008 210402s9999 xx 000 0 und d
082 |a 614.5993 
082 |b N577 
100 |a Nijs, Monique de 
245 0 |a Public health aspects of fusarium mycotoxins in food in the Netherlands 
245 0 |c Monique de Nijs 
260 |a [Lon don] 
260 |b Sandra de Nijs- Huijkman 
260 |c 1990 
650 |a Public health 
904 |i Nguyên 
980 |a Trung tâm Học liệu Trường Đại học Cần Thơ